000 00327nam a22001337a 4500
008 180222b xxu||||| |||| 00| 0 eng d
020 _a9780470534779
041 _aeng
080 _a330.722.6
100 _a61
101 _aKF
245 _aFinancial accounting tools for business decision making
_cKimmel
942 _2udc
_cBK
999 _c43101
_d43101